Bezirk Suhl /
Uložené v:
| Hlavný autor: | |
|---|---|
| Médium: | Kniha |
| Jazyk: | German |
| Vydané: |
Berlin :
VEB Verlag für Bauwesen,
1989
|
| Vydanie: | 1. Aufl. |
| ISBN: |
3345002132 (brož.) |
| Fyzický popis: |
160 s . |
| Tagy: |
Pridať tag
Žiadne tagy, Buďte prvý kto otaguje tento záznam!
|
Titul je dostupný aj v ... 

MARC
| LEADER | 00000nam a2200000 a 4500 | ||
|---|---|---|---|
| 001 | 000274635 | ||
| 005 | 20060928125740.0 | ||
| 008 | 060928s1989 gw e 000 0 gero | ||
| 020 | |a 3345002132 (brož.) | ||
| 040 | |a SVKKK |b slo |c SVKKK |e AACR2 | ||
| 041 | 0 | |a ger | |
| 044 | |a gw |c DE | ||
| 100 | 1 | |a Ziessler, Rudolf |4 aut | |
| 245 | 1 | 0 | |a Bezirk Suhl / |c Rudolf Ziessler ... [et al.] |
| 250 | |a 1. Aufl. | ||
| 260 | |a Berlin : |b VEB Verlag für Bauwesen, |c 1989 | ||
| 300 | |a 160 s . | ||
| 919 | |a 3-345-00213-2 | ||
| 998 | |a BK | ||
| 090 | |g SCKHL |k Sklad Hlavná 10 prízemie |a I.60900 |j 807988 |i 2720400325 |s Absenčne | ||